The essence of international money

Αποθηκεύτηκε σε:
Λεπτομέρειες βιβλιογραφικής εγγραφής
Κύριος συγγραφέας: Buckley, Adrian
Μορφή: Βιβλίο
Γλώσσα:English
Δημοσίευση: New York : Prentice Hall, 1990
Σειρά:Essence of management series
Θέματα:
Ετικέτες: Προσθήκη ετικέτας
Δεν υπάρχουν, Καταχωρήστε ετικέτα πρώτοι!

MARC

LEADER 00000cam a2200000 i 4500
001 1/66439
008 020523s1990 eng d
020 |a 0-13-284712-4 
035 |l 10001727 
040 |a GR-MY-UA  |b gre  |e aacr 
041 0 |a eng 
082 0 |a 332.45 
100 1 |a Buckley, Adrian. 
245 1 4 |a The essence of international money /  |c Adrian Buckley 
260 |a New York :   |b Prentice Hall,   |c 1990 
300 |a 158 p. 
490 1 |a Essence of management series 
650 0 0 |a Foreign exchange. 
830 0 |a Essence of management series 
852 |a INST  |b RHODES  |e 20020523  |h 332.45 BUC  |p 005400016484  |q 005400016484  |t BK  |y 0 
901 |a BIBL4-2002-1 
909 |a Ρ  |b 101094 
970 |a ΚΟΥΛΑΚΙΟΤΗ  |b ΛΙΤΣΑ  |z 2002/05/24